[Event "Balkan Youth Online-ch 2020"]
[Site "Online"]
[Date "2020.10.31"]
[Round "5.16"]
[White "Cimperman, Teo"]
[Black "Milanovic, Marko"]
[Result "0-1"]
[WhiteElo "1488"]
[BlackElo "2066"]
[Annotator "ChessBase"]
[PlyCount "70"]
[EventDate "2020.10.31"]
[EventType "swiss"]
[SourceTitle "playchess.com"]
[Source "ChessBase"]
[SourceQuality "1"]
[TimeControl "1500+5"]

1. e4 {[%emt 0:00:00]} e5 {[%emt 0:00:00]} 2. Nf3 {[%emt 0:00:00]} Nc6 {[%emt 0:00:00]} 3. Bc4 {[%emt 0:00:00]} Bc5 {[%emt 0:00:02]} 4. c3 {[%emt 0:00:00]} Nf6 {[%emt 0:00:09]} 5. d3 {[%emt 0:00:00]} O-O {[%emt 0:00:00]} 6. O-O {[%emt 0:00:00]} d5 {[%emt 0:00:00]} 7. exd5 {[%emt 0:00:00]} Nxd5 {[%emt 0:00:00]} 8. d4 {[%emt 0:00:00]} exd4 {[%emt 0:00:00]} 9. cxd4 {[%emt 0:00:00]} Bb6 {[%emt 0:00:00]} 10. Nc3 {[%emt 0:00:00]} Be6 {[%emt 0:00:17]} 11. Bb3 {[%emt 0:00:12]} Qd7 {[%emt 0:00:50]} 12. Re1 {[%emt 0:00:08]} Rad8 {[%emt 0:00:36]} 13. Be3 {[%emt 0:00:04]} Rfe8 {[%emt 0:01:01]} 14. h3 {[%emt 0:00:50]} Na5 {[%emt 0:02:50]} 15. Ne5 {[%emt 0:01:17]} Qd6 {[%emt 0:01:03]} 16. Ne4 {[%emt 0:00:55]} Qf8 {[%emt 0:00:31]} 17. Rc1 {[%emt 0:00:32]} Nxe3 {[%emt 0:00:12]} 18. fxe3 {[%emt 0:00:05]} Bxb3 {[%emt 0:00:00]} 19. axb3 {[%emt 0:06:46]} Rxe5 {[%emt 0:00:49]} 20. Qg4 {[%emt 0:00:28]} f5 {[%emt 0:00:34]} 21. dxe5 {[%emt 0:01:08]} fxg4 {[%emt 0:00:00]} 22. Rcd1 {[%emt 0:00:26]} Bxe3+ {[%emt 0:00:02]} 23. Kh1 {[%emt 0:00:00]} Rxd1 {[%emt 0:00:00]} 24. Rxd1 {[%emt 0:00:00]} gxh3 {[%emt 0:00:00]} 25. e6 {[%emt 0:00:13]} hxg2+ {[%emt 0:00:00]} 26. Kxg2 {[%emt 0:00:01]} Nc6 {[%emt 0:00:00]} 27. b4 {[%emt 0:00:06]} Qf5 {[%emt 0:00:00]} 28. e7 {[%emt 0:00:05]} Qxe4+ {[%emt 0:00:03]} 29. Kh2 {[%emt 0:00:00]} Qh4+ {[%emt 0:00:02]} 30. Kg2 {[%emt 0:00:00]} Qg4+ {[%emt 0:00:00]} 31. Kh2 {[%emt 0:00:00]} Bf4+ {[%emt 0:00:00]} 32. Kh1 {[%emt 0:00:00]} Qxd1+ {[%emt 0:00:00]} 33. Kg2 {[%emt 0:00:00]} Qe2+ {[%emt 0:00:00]} 34. Kh3 {[%emt 0:00:00]} Qf3+ {[%emt 0:00:00]} 35. Kh4 {[%emt 0:00:00]} g5# {[%emt 0:00:00]} 0-1

[Event "Balkan Youth Online-ch 2020"]
[Site "Online"]
[Date "2020.10.31"]
[Round "5.17"]
[White "Nikolovski, Kiril"]
[Black "Boeru, Dragos-Matei"]
[Result "0-1"]
[WhiteElo "1282"]
[BlackElo "1756"]
[Annotator "NA"]
[PlyCount "64"]
[EventDate "2020.10.31"]
[EventType "swiss"]
[SourceTitle "playchess.com"]
[Source "ChessBase"]
[SourceQuality "1"]
[TimeControl "1500+5"]

1. e4 {[%emt 0:00:00]} c5 {[%emt 0:00:00]} 2. Nc3 {[%emt 0:00:00]} a6 {[%emt 0:00:00]} 3. f4 {[%emt 0:00:00]} e6 {[%emt 0:00:00]} 4. Nf3 {[%emt 0:00:00]} b5 {[%emt 0:00:00]} 5. d3 {[%emt 0:00:00]} Bb7 {[%emt 0:00:00]} 6. g3 {[%emt 0:00:00]} Nc6 {[%emt 0:00:00]} 7. Bg2 {[%emt 0:00:00]} Nf6 {[%emt 0:01:14]} 8. O-O {[%emt 0:00:00]} Be7 {[%emt 0:00:00]} 9. Ne2 {[%emt 0:00:08]} O-O {[%emt 0:00:01]} 10. h3 {[%emt 0:00:00]} d5 {[%emt 0:00:40]} 11. e5 {[%emt 0:00:08]} Nd7 {[%emt 0:00:07]} 12. c3 {[%emt 0:01:17]} Nb6 {[%emt 0:00:57]} 13. b3 {[%emt 0:01:09]} Rb8 {[%emt 0:01:19]} 14. d4 {[%emt 0:02:22]} c4 {[%emt 0:01:47]} 15. b4 {[%emt 0:00:47]} Na4 {[%emt 0:01:17]} 16. Qc2 {[%emt 0:01:19]} a5 {[%emt 0:02:33]} 17. a3 {[%emt 0:00:04]} Ra8 {[%emt 0:00:41]} 18. Bd2 {[%emt 0:00:24]} Qd7 {[%emt 0:01:02]} 19. Kh1 {[%emt 0:01:25]} Ra7 {[%emt 0:00:31]} 20. Rfb1 {[%emt 0:00:19]} Rfa8 {[%emt 0:01:14]} 21. Qc1 {[%emt 0:00:09]} Nb6 {[%emt 0:01:41]} 22. Ne1 {[%emt 0:01:28]} Bc8 {[%emt 0:02:17]} 23. Nc2 {[%emt 0:01:38]} Ra6 {[%emt 0:01:26]} 24. Kh2 {[%emt 0:02:09]} Qa7 {[%emt 0:00:56]} 25. Be3 {[%emt 0:00:16]} Bd7 {[%emt 0:00:15]} 26. Bf3 {[%emt 0:01:11]} Be8 {[%emt 0:00:38]} 27. Kg2 {[%emt 0:00:20]} f6 {[%emt 0:00:18]} 28. Qg1 {[%emt 0:00:19]} Bg6 {[%emt 0:00:07]} 29. Qd1 {[%emt 0:00:48]} Bxc2 {[%emt 0:00:03]} 30. Qxc2 {[%emt 0:00:00]} axb4 {[%emt 0:00:00]} 31. cxb4 {[%emt 0:00:00]} Rxa3 {[%emt 0:00:00]} 32. Bc1 {[%emt 0:00:03]} Rxa1 {[%emt 0:00:00]} 0-1

[Event "Balkan Youth Online-ch 2020"]
[Site "Online"]
[Date "2020.10.31"]
[Round "5.18"]
[White "Ramaj, Ergit"]
[Black "Ivanov, Svetlen"]
[Result "1-0"]
[WhiteElo "1444"]
[BlackElo "1781"]
[Annotator "NA"]
[PlyCount "25"]
[EventDate "2020.10.31"]
[EventType "swiss"]
[SourceTitle "playchess.com"]
[Source "ChessBase"]
[SourceQuality "1"]
[TimeControl "1500+5"]

1. Nf3 {[%emt 0:00:00]} Nf6 {[%emt 0:02:30]} 2. d4 {[%emt 0:00:01]} e6 {[%emt 0:00:00]} 3. c4 {[%emt 0:00:13]} b6 {[%emt 0:00:00]} 4. g3 {[%emt 0:00:11]} Bb7 {[%emt 0:00:00]} 5. Bg2 {[%emt 0:00:00]} c5 {[%emt 0:00:00]} 6. O-O {[%emt 0:00:06]} Be7 {[%emt 0:00:00]} 7. Nc3 {[%emt 0:00:03]} O-O {[%emt 0:00:00]} 8. d5 {[%emt 0:00:16]} d6 {[%emt 0:00:12]} 9. dxe6 {[%emt 0:02:19]} fxe6 {[%emt 0:00:07]} 10. Bh3 {[%emt 0:00:06]} e5 {[%emt 0:00:51]} 11. Ng5 {[%emt 0:00:33]} Bc8 {[%emt 0:02:32]} 12. Bg2 {[%emt 0:02:24]} h6 {[%emt 0:01:18]} 13. Nge4 {[%emt 0:02:05]} 1-0

[Event "Balkan Youth Online-ch 2020"]
[Site "Online"]
[Date "2020.10.31"]
[Round "5.20"]
[White "Kalin, Andrei"]
[Black "Cvetkovski, Gjorgji"]
[Result "1/2-1/2"]
[WhiteElo "1426"]
[BlackElo "1332"]
[Annotator "NA"]
[PlyCount "99"]
[EventDate "2020.10.31"]
[EventType "swiss"]
[SourceTitle "playchess.com"]
[Source "ChessBase"]
[SourceQuality "1"]
[TimeControl "1500+5"]

1. e4 {[%emt 0:00:00]} e5 {[%emt 0:00:08]} 2. Nf3 {[%emt 0:00:00]} Nc6 {[%emt 0:00:05]} 3. d4 {[%emt 0:00:00]} exd4 {[%emt 0:00:00]} 4. Bc4 {[%emt 0:00:00]} Nf6 {[%emt 0:00:00]} 5. e5 {[%emt 0:00:00]} d5 {[%emt 0:00:00]} 6. Bb5 {[%emt 0:00:00]} Ne4 {[%emt 0:00:00]} 7. Nxd4 {[%emt 0:00:00]} Bd7 {[%emt 0:00:00]} 8. Bxc6 {[%emt 0:00:00]} bxc6 {[%emt 0:00:00]} 9. O-O {[%emt 0:00:00]} Bc5 {[%emt 0:00:00]} 10. f3 {[%emt 0:00:00]} Ng5 {[%emt 0:00:00]} 11. Be3 {[%emt 0:00:00]} Bb6 {[%emt 0:00:00]} 12. f4 {[%emt 0:00:08]} Ne4 {[%emt 0:00:00]} 13. Nc3 {[%emt 0:00:27]} Nxc3 {[%emt 0:00:05]} 14. bxc3 {[%emt 0:00:00]} c5 {[%emt 0:04:25]} 15. Nb3 {[%emt 0:04:21]} c4 {[%emt 0:00:34]} 16. Nd4 {[%emt 0:00:04]} c5 {[%emt 0:00:06]} 17. Nf3 {[%emt 0:00:02]} Bc6 {[%emt 0:00:00]} 18. Bf2 {[%emt 0:01:24]} O-O {[%emt 0:02:41]} 19. Re1 {[%emt 0:02:02]} Re8 {[%emt 0:00:36]} 20. Qe2 {[%emt 0:01:35]} Qc7 {[%emt 0:02:56]} 21. Rad1 {[%emt 0:01:23]} Rad8 {[%emt 0:00:00]} 22. Nh4 {[%emt 0:02:59]} Qc8 {[%emt 0:05:00]} 23. f5 {[%emt 0:05:02]} d4 {[%emt 0:01:51]} 24. cxd4 {[%emt 0:02:07]} cxd4 {[%emt 0:00:10]} 25. Qxc4 {[%emt 0:01:13]} Bd5 {[%emt 0:00:05]} 26. Qxc8 {[%emt 0:00:18]} Rxc8 {[%emt 0:00:00]} 27. Bxd4 {[%emt 0:00:13]} Bxd4+ {[%emt 0:00:34]} 28. Rxd4 {[%emt 0:00:02]} Bxa2 {[%emt 0:00:00]} 29. Ra4 {[%emt 0:00:11]} Rxc2 {[%emt 0:00:25]} 30. Rxa7 {[%emt 0:00:11]} Bd5 {[%emt 0:00:12]} 31. Rd7 {[%emt 0:02:06]} Bc6 {[%emt 0:00:38]} 32. Rc7 {[%emt 0:00:57]} h6 {[%emt 0:00:00]} 33. Nf3 {[%emt 0:00:44]} Be4 {[%emt 0:00:58]} 34. Rxc2 {[%emt 0:00:00]} Bxc2 {[%emt 0:00:00]} 35. f6 {[%emt 0:00:13]} gxf6 {[%emt 0:00:26]} 36. exf6 {[%emt 0:00:00]} Rxe1+ {[%emt 0:00:00]} 37. Nxe1 {[%emt 0:00:00]} Bb3 {[%emt 0:00:01]} 38. Kf2 {[%emt 0:00:12]} Kh7 {[%emt 0:00:00]} 39. Ke3 {[%emt 0:00:00]} Kg6 {[%emt 0:00:00]} 40. Kf4 {[%emt 0:00:00]} Kxf6 {[%emt 0:00:00]} 41. Nf3 {[%emt 0:00:00]} Bd5 {[%emt 0:00:00]} 42. g3 {[%emt 0:00:00]} Bxf3 {[%emt 0:00:10]} 43. Kxf3 {[%emt 0:00:00]} Kg5 {[%emt 0:00:00]} 44. h3 {[%emt 0:00:00]} f6 {[%emt 0:00:04]} 45. Ke4 {[%emt 0:00:00]} h5 {[%emt 0:01:22]} 46. Kf3 {[%emt 0:00:05]} h4 {[%emt 0:01:02]} 47. gxh4+ {[%emt 0:00:36]} Kxh4 {[%emt 0:00:00]} 48. Kf4 {[%emt 0:00:00]} Kxh3 {[%emt 0:00:03]} 49. Kf5 {[%emt 0:00:00]} Kh4 {[%emt 0:00:00]} 50. Kxf6 {[%emt 0:00:00]} 1/2-1/2

[Event "Balkan Youth Online-ch 2020"]
[Site "Online"]
[Date "2020.10.31"]
[Round "5.21"]
[White "Markov, Daniel"]
[Black "Dragicevic, Niksa"]
[Result "1-0"]
[WhiteElo "1386"]
[BlackElo "1068"]
[Annotator "NA"]
[PlyCount "133"]
[EventDate "2020.10.31"]
[EventType "swiss"]
[SourceTitle "playchess.com"]
[Source "ChessBase"]
[SourceQuality "1"]
[TimeControl "1500+5"]

1. e4 {[%emt 0:00:00]} e5 {[%emt 0:00:00]} 2. Nf3 {[%emt 0:00:00]} Nc6 {[%emt 0:00:00]} 3. Bb5 {[%emt 0:00:00]} d6 {[%emt 0:00:00]} 4. Bxc6+ {[%emt 0:00:00]} bxc6 {[%emt 0:00:00]} 5. d4 {[%emt 0:00:00]} exd4 {[%emt 0:00:43]} 6. Nxd4 {[%emt 0:00:00]} Bb7 {[%emt 0:00:06]} 7. Nc3 {[%emt 0:00:00]} Nf6 {[%emt 0:00:00]} 8. Bg5 {[%emt 0:00:00]} Be7 {[%emt 0:00:00]} 9. Qe2 {[%emt 0:08:10]} Nd7 {[%emt 0:01:46]} 10. Bxe7 {[%emt 0:01:36]} Qxe7 {[%emt 0:00:01]} 11. Nf5 {[%emt 0:01:42]} Qe5 {[%emt 0:00:32]} 12. f4 {[%emt 0:01:38]} Qf6 {[%emt 0:00:25]} 13. g4 {[%emt 0:01:02]} O-O {[%emt 0:03:14]} 14. h4 {[%emt 0:01:05]} g6 {[%emt 0:01:12]} 15. g5 {[%emt 0:00:16]} Qd8 {[%emt 0:00:02]} 16. Nh6+ {[%emt 0:00:30]} Kh8 {[%emt 0:00:00]} 17. h5 {[%emt 0:00:03]} d5 {[%emt 0:00:26]} 18. hxg6 {[%emt 0:00:22]} fxg6 {[%emt 0:00:01]} 19. exd5 {[%emt 0:01:39]} Qe8 {[%emt 0:00:32]} 20. O-O-O {[%emt 0:00:12]} Qxe2 {[%emt 0:00:09]} 21. Nxe2 {[%emt 0:00:00]} cxd5 {[%emt 0:00:06]} 22. Rh2 {[%emt 0:02:32]} Nb6 {[%emt 0:02:46]} 23. Ng4 {[%emt 0:02:06]} Nd7 {[%emt 0:00:44]} 24. Nh6 {[%emt 0:00:03]} Nb6 {[%emt 0:00:03]} 25. b3 {[%emt 0:00:27]} Rae8 {[%emt 0:00:50]} 26. Ng4 {[%emt 0:00:32]} Nd7 {[%emt 0:00:03]} 27. Nh6 {[%emt 0:00:00]} Nb6 {[%emt 0:00:00]} 28. Kd2 {[%emt 0:00:01]} Ba6 {[%emt 0:00:22]} 29. Ng4 {[%emt 0:00:50]} Bxe2 {[%emt 0:00:18]} 30. Nf6 {[%emt 0:00:05]} Re7 {[%emt 0:00:10]} 31. Rxe2 {[%emt 0:00:18]} Rxe2+ {[%emt 0:00:02]} 32. Kxe2 {[%emt 0:00:00]} c6 {[%emt 0:00:50]} 33. Rh1 {[%emt 0:00:02]} Rf7 {[%emt 0:00:03]} 34. Kd3 {[%emt 0:00:00]} Nd7 {[%emt 0:00:00]} 35. Nxd7 {[%emt 0:00:36]} Rxd7 {[%emt 0:00:00]} 36. Kd4 {[%emt 0:00:00]} Rc7 {[%emt 0:00:37]} 37. Kc5 {[%emt 0:00:00]} Rf7 {[%emt 0:00:19]} 38. Rf1 {[%emt 0:00:00]} Rf8 {[%emt 0:00:02]} 39. Kd6 {[%emt 0:00:00]} Kg7 {[%emt 0:00:00]} 40. Kxc6 {[%emt 0:00:00]} Rc8+ {[%emt 0:00:06]} 41. Kxd5 {[%emt 0:00:00]} Rxc2 {[%emt 0:00:00]} 42. Rf3 {[%emt 0:00:00]} Rd2+ {[%emt 0:00:03]} 43. Kc5 {[%emt 0:00:00]} Rxa2 {[%emt 0:00:08]} 44. b4 {[%emt 0:00:07]} Rc2+ {[%emt 0:00:00]} 45. Kb5 {[%emt 0:00:00]} Rc8 {[%emt 0:00:00]} 46. Ka6 {[%emt 0:00:00]} Rc7 {[%emt 0:00:00]} 47. b5 {[%emt 0:00:01]} Kf7 {[%emt 0:00:07]} 48. Rd3 {[%emt 0:00:07]} Ke6 {[%emt 0:00:10]} 49. Rd8 {[%emt 0:00:00]} Re7 {[%emt 0:01:09]} 50. Ra8 {[%emt 0:00:00]} Rf7 {[%emt 0:00:34]} 51. Rxa7 {[%emt 0:00:03]} Rxf4 {[%emt 0:00:00]} 52. b6 {[%emt 0:00:03]} Kd6 {[%emt 0:00:23]} 53. Rxh7 {[%emt 0:00:26]} Kc6 {[%emt 0:00:03]} 54. Rc7+ {[%emt 0:00:12]} Kd6 {[%emt 0:00:00]} 55. Ka7 {[%emt 0:00:09]} Rb4 {[%emt 0:00:13]} 56. Kb7 {[%emt 0:00:03]} Rb5 {[%emt 0:00:11]} 57. Rc6+ {[%emt 0:00:02]} Kd7 {[%emt 0:00:00]} 58. Rxg6 {[%emt 0:00:00]} Rc5 {[%emt 0:00:02]} 59. Rg7+ {[%emt 0:00:04]} Kd8 {[%emt 0:00:00]} 60. Kb8 {[%emt 0:00:05]} Rb5 {[%emt 0:00:02]} 61. b7 {[%emt 0:00:00]} Ra5 {[%emt 0:00:04]} 62. g6 {[%emt 0:00:00]} Ra1 {[%emt 0:00:04]} 63. Rc7 {[%emt 0:00:07]} Rg1 {[%emt 0:00:05]} 64. g7 {[%emt 0:00:00]} Rg2 {[%emt 0:00:08]} 65. g8=Q+ {[%emt 0:00:05]} Rxg8 {[%emt 0:00:00]} 66. Rc8+ {[%emt 0:00:00]} Kd7 {[%emt 0:00:04]} 67. Rxg8 {[%emt 0:00:00]} 1-0

[Event "Balkan Youth Online-ch 2020"]
[Site "Online"]
[Date "2020.10.31"]
[Round "5.23"]
[White "Stefanou, Dimitrios"]
[Black "Makridis, Dimitrios"]
[Result "1-0"]
[WhiteElo "2099"]
[BlackElo "2226"]
[Annotator "TA"]
[PlyCount "183"]
[EventDate "2020.10.31"]
[EventType "swiss"]
[SourceTitle "playchess.com"]
[Source "ChessBase"]
[SourceQuality "1"]

{[%evp 10,183,34,39,34,48,48,34,29,20,39,32,37,44,39,-12,-8,-9,-2,-20,-16,-22,-17,-20,-32,-45,-14,-21,4,0,0,0,39,16,81,96,95,96,96,87,104,102,100,79,99,77,123,122,256,245,262,246,316,314,307,285,338,329,415,400,511,496,615,641,632,617,575,473,472,470,451,457,469,413,400,399,406,416,431,418,425,402,495,490,554,537,765,762,831,777,995,745,718,682,889,884,849,836,819,815,735,786,641,566,565,8,8,0,29973,0,622,622,615,608,601,601,596,583,3418,374,29972,29973,29974,29975,29976,29975,29978,29975,29975,29976,29976,29977,29977,29978,29979,29979,29982,29976,29977,29972,29975,29976,29974,29975,29973,29976,29983,29982,29982,29983,29983,29979,29985,29986,29988,29985,29985,29986,29986,29986,29986,29987,29989,29988,29988,29986,29986,29987,29988,29988,29988,29989,29990,29991,29991,29992]} 1. e4 c5 2. Nf3 Nf6 3. Nc3 d5 4. exd5 Nxd5 5. Bb5+ Bd7 6. Ne5 {Threatens to win with Qf3.} Nf6 {B29: Sicilian: 2 Nf3 Nf6 (Nimzowitsch Variation).} 7. Qf3 Qc8 8. a4 e6 {White is slightly better.} 9. O-O Be7 10. b3 O-O 11. Bb2 a6 12. Bxd7 (12. Bd3 $14) 12... Nfxd7 $11 13. Nc4 Nc6 14. Ne4 {[%cal Bc3e4,Be4g3,Bg3f5][%mdl 32]} Nd4 15. Bxd4 cxd4 16. a5 {[#]} Qc7 $146 ({Predecessor:} 16... Qc6 17. d3 Rad8 18. Qe2 Nf6 19. Nxf6+ Bxf6 20. f4 Rd5 21. Qe4 Bd8 22. Rf2 Re8 {0-1 (97) Khanin,S (2450)-Rakhmanov,A (2659) Khanty-Mansiysk 2017}) 17. Rfe1 e5 18. Ng3 Bc5 19. Re2 Rad8 20. Rae1 $36 {[%mdl 2048] White is pushing.} Rfe8 21. Nf5 Bf8 (21... Re6 $11) 22. Nxd4 $16 Nc5 23. Nf5 {[%cal Rc4e5]} g6 {[#]} 24. Ng3 $1 {[%cal Rc4e5]} ({But not} 24. Rxe5 $6 Rxe5 25. Rxe5 gxf5 $11) 24... Bg7 25. Ne4 Nxe4 26. Qxe4 f5 27. Qh4 e4 28. f3 {[%cal Rf3e4]} h6 (28... Re6 $16) 29. fxe4 $18 g5 30. Qg3 f4 31. Qf3 Qd7 32. h3 Qf7 33. e5 Re6 34. c3 h5 35. d4 g4 36. hxg4 hxg4 37. Qxg4 Rg6 38. e6 Rxg4 39. exf7+ Kxf7 40. Re7+ Kf8 41. R7e4 Kg8 42. Rf1 Rf8 43. Rf3 Bh6 44. Ne5 Rg7 45. Nd3 Rg4 46. d5 Bg7 47. c4 Rf5 48. d6 Rf7 49. c5 Bc3 50. Ne5 Bxe5 51. Rxe5 {[%mdl 4096] Endgame KRR-KRR} Rfg7 52. Re2 Rf7 53. b4 Kf8 54. Rd3 f3 55. Rf2 {Strongly threatening d7.} Ke8 56. b5 axb5 57. a6 $2 (57. Rfxf3 $18 Rxf3 58. Rxf3) 57... bxa6 $11 58. c6 Kd8 $2 {[%mdl 8192] Black is now going downhill.} (58... Rc4 $11) 59. d7 $2 (59. Rdxf3 {mates} Rxf3 60. Rxf3 Rg8 61. Rf7 Kc8 62. Rb7 Rd8 63. d7+ Rxd7 64. cxd7+ Kxb7 65. d8=Q) 59... Rg8 $2 {[%mdl 8192] [#]} (59... Rc4 $11) 60. c7+ $1 $18 {[%mdl 576] Decoy, Promotion} Kxc7 61. Rc2+ Kb7 {aiming for ...Rd8.} 62. d8=Q Rxd8 63. Rxd8 fxg2 64. Kxg2 $2 (64. Rd6 Rf1+ 65. Kxg2) 64... Ka7 $2 (64... Rf6 $18 65. Rd7+ Kb6) 65. Rd6 {White mates.} Kb7 66. Ra2 Rf5 67. Rdxa6 Kc7 68. Rb2 Kb7 69. Re6 Kc7 70. Kg3 Kb7 71. Kg4 Rc5 72. Kf4 Kc7 73. Re5 Rc4+ 74. Ke3 b4 75. Rb5 Rc3+ 76. Kd4 Rh3 77. R5xb4 Kc6 78. Rc2+ Kd6 79. Rb6+ Kd7 80. Re2 Rh4+ 81. Kd5 Kc7 82. Rg6 Rh5+ 83. Re5 Rh7 84. Reg5 Rh1 85. Rc6+ Kb8 86. Rg7 Rd1+ 87. Ke4 Re1+ 88. Kf5 Rf1+ 89. Kg6 Rg1+ 90. Kh7 Rh1+ 91. Kg8 Rf1 92. Re6 {Av CentiPawn Loss W=-40/B=-58. Weighted=-44/-82} 1-0

[Event "Balkan Youth Online-ch 2020"]
[Site "Online"]
[Date "2020.10.31"]
[Round "5.24"]
[White "Creanga, Robert-Ionut"]
[Black "Zlatkov, Anton"]
[Result "1-0"]
[WhiteElo "2053"]
[BlackElo "2032"]
[Annotator "ChessBase"]
[PlyCount "59"]
[EventDate "2020.10.31"]
[EventType "swiss"]
[SourceTitle "playchess.com"]
[Source "ChessBase"]
[SourceQuality "1"]
[TimeControl "1500+5"]

1. d4 {[%emt 0:00:00]} Nf6 {[%emt 0:00:00]} 2. c4 {[%emt 0:00:00]} g6 {[%emt 0:00:00]} 3. f3 {[%emt 0:00:00]} Bg7 {[%emt 0:00:07]} 4. e4 {[%emt 0:00:00]} d6 {[%emt 0:00:00]} 5. Nc3 {[%emt 0:00:00]} O-O {[%emt 0:00:00]} 6. Be3 {[%emt 0:00:04]} e5 {[%emt 0:00:00]} 7. Nge2 {[%emt 0:00:29]} c6 {[%emt 0:00:02]} 8. d5 {[%emt 0:00:36]} cxd5 {[%emt 0:00:00]} 9. cxd5 {[%emt 0:00:00]} a6 {[%emt 0:00:00]} 10. g4 {[%emt 0:00:17]} b5 {[%emt 0:00:01]} 11. Ng3 {[%emt 0:00:04]} Nbd7 {[%emt 0:00:27]} 12. h4 {[%emt 0:01:55]} Nb6 {[%emt 0:01:03]} 13. h5 {[%emt 0:03:17]} Bd7 {[%emt 0:00:36]} 14. Qd2 {[%emt 0:01:52]} Rc8 {[%emt 0:05:05]} 15. g5 {[%emt 0:01:35]} Ne8 {[%emt 0:04:18]} 16. Qh2 {[%emt 0:00:17]} f6 {[%emt 0:02:13]} 17. hxg6 {[%emt 0:01:29]} hxg6 {[%emt 0:00:00]} 18. Qh7+ {[%emt 0:01:35]} Kf7 {[%emt 0:00:00]} 19. Rh6 {[%emt 0:00:11]} Ke7 {[%emt 0:04:54]} 20. Rxg6 {[%emt 0:01:20]} Rf7 {[%emt 0:00:48]} 21. Nh5 {[%emt 0:02:23]} Bf8 {[%emt 0:02:22]} 22. Qg8 {[%emt 0:02:47]} f5 {[%emt 0:00:01]} 23. Rf6 {[%emt 0:01:56]} Nxf6 {[%emt 0:02:18]} 24. gxf6+ {[%emt 0:00:02]} Ke8 {[%emt 0:01:20]} 25. Ng7+ {[%emt 0:00:18]} Rxg7 {[%emt 0:00:00]} 26. fxg7 {[%emt 0:00:00]} Qh4+ {[%emt 0:00:23]} 27. Bf2 {[%emt 0:00:00]} Qf6 {[%emt 0:00:00]} 28. gxf8=Q+ {[%emt 0:00:00]} Qxf8 {[%emt 0:00:00]} 29. Qxf8+ {[%emt 0:00:00]} Kxf8 {[%emt 0:00:00]} 30. Bxb6 {[%emt 0:00:00]} 1-0

[Event "Balkan Youth Online-ch 2020"]
[Site "Online"]
[Date "2020.10.31"]
[Round "5.25"]
[White "Erdogan, Tekin Alp"]
[Black "Stamatiou, Rodolfos"]
[Result "0-1"]
[WhiteElo "1828"]
[BlackElo "2015"]
[Annotator "ChessBase"]
[PlyCount "148"]
[EventDate "2020.10.31"]
[EventType "swiss"]
[SourceTitle "playchess.com"]
[Source "ChessBase"]
[SourceQuality "1"]
[TimeControl "1500+5"]

1. d4 {[%emt 0:00:00]} Nf6 {[%emt 0:00:00]} 2. Bf4 {[%emt 0:00:00]} d5 {[%emt 0:00:00]} 3. Nf3 {[%emt 0:00:01]} c5 {[%emt 0:00:00]} 4. e3 {[%emt 0:00:00]} Nc6 {[%emt 0:00:00]} 5. c3 {[%emt 0:00:00]} Qb6 {[%emt 0:00:00]} 6. Qc1 {[%emt 0:00:20]} Bf5 {[%emt 0:00:00]} 7. Be2 {[%emt 0:00:02]} h6 {[%emt 0:00:12]} 8. h3 {[%emt 0:00:00]} e6 {[%emt 0:00:01]} 9. O-O {[%emt 0:00:00]} g5 {[%emt 0:00:57]} 10. Bg3 {[%emt 0:01:10]} Ne4 {[%emt 0:00:07]} 11. Bh2 {[%emt 0:00:08]} h5 {[%emt 0:00:07]} 12. Nfd2 {[%emt 0:01:01]} cxd4 {[%emt 0:01:35]} 13. Nxe4 {[%emt 0:00:49]} Bxe4 {[%emt 0:00:48]} 14. exd4 {[%emt 0:00:04]} Rc8 {[%emt 0:00:19]} 15. Qd2 {[%emt 0:02:28]} g4 {[%emt 0:01:51]} 16. hxg4 {[%emt 0:02:42]} hxg4 {[%emt 0:00:50]} 17. Bxg4 {[%emt 0:00:29]} Bh6 {[%emt 0:03:32]} 18. Qe2 {[%emt 0:00:12]} Kd7 {[%emt 0:01:35]} 19. Nd2 {[%emt 0:06:11]} Bxd2 {[%emt 0:04:35]} 20. Qxd2 {[%emt 0:00:00]} Rcg8 {[%emt 0:02:12]} 21. Qf4 {[%emt 0:01:01]} Rh4 {[%emt 0:01:25]} 22. Qxf7+ {[%emt 0:02:35]} Ne7 {[%emt 0:00:00]} 23. f3 {[%emt 0:00:00]} Rgh8 {[%emt 0:02:40]} 24. fxe4 {[%emt 0:01:43]} Rxh2 {[%emt 0:00:34]} 25. Bh3 {[%emt 0:00:08]} R8xh3 {[%emt 0:01:39]} 26. gxh3 {[%emt 0:00:00]} Qxb2 {[%emt 0:00:00]} 27. Qf3 {[%emt 0:00:00]} dxe4 {[%emt 0:00:55]} 28. Qxe4 {[%emt 0:00:05]} Rxh3 {[%emt 0:00:07]} 29. Qf4 {[%emt 0:00:43]} Qxc3 {[%emt 0:00:59]} 30. Rac1 {[%emt 0:00:11]} Qg3+ {[%emt 0:00:15]} 31. Qxg3 {[%emt 0:00:00]} Rxg3+ {[%emt 0:00:00]} 32. Kf2 {[%emt 0:00:00]} Ra3 {[%emt 0:00:00]} 33. Ra1 {[%emt 0:00:00]} Nf5 {[%emt 0:00:00]} 34. Rfd1 {[%emt 0:00:00]} Kd6 {[%emt 0:00:00]} 35. Rd2 {[%emt 0:00:00]} Kd5 {[%emt 0:00:00]} 36. Rb1 {[%emt 0:00:00]} b6 {[%emt 0:00:30]} 37. Rb4 {[%emt 0:00:11]} Nd6 {[%emt 0:00:00]} 38. Ke1 {[%emt 0:02:21]} Nc4 {[%emt 0:00:07]} 39. Rh2 {[%emt 0:00:00]} Re3+ {[%emt 0:00:00]} 40. Kd1 {[%emt 0:00:02]} a5 {[%emt 0:00:01]} 41. Rb5+ {[%emt 0:01:18]} Kxd4 {[%emt 0:00:07]} 42. Rh4+ {[%emt 0:00:02]} Re4 {[%emt 0:00:01]} 43. Rh3 {[%emt 0:00:13]} Ne3+ {[%emt 0:00:11]} 44. Kd2 {[%emt 0:00:00]} Nc4+ {[%emt 0:00:00]} 45. Kd1 {[%emt 0:00:00]} Ne3+ {[%emt 0:00:00]} 46. Kc1 {[%emt 0:00:04]} Nd5 {[%emt 0:00:00]} 47. Rbb3 {[%emt 0:00:00]} Rg4 {[%emt 0:00:00]} 48. Rhd3+ {[%emt 0:00:00]} Kc5 {[%emt 0:00:00]} 49. Rd2 {[%emt 0:00:03]} Rg1+ {[%emt 0:00:01]} 50. Kb2 {[%emt 0:00:00]} a4 {[%emt 0:00:30]} 51. Rc2+ {[%emt 0:00:23]} Kd6 {[%emt 0:00:00]} 52. Rb5 {[%emt 0:00:00]} Rg3 {[%emt 0:00:00]} 53. Rc1 {[%emt 0:00:36]} Re3 {[%emt 0:00:17]} 54. Rc2 {[%emt 0:00:08]} a3+ {[%emt 0:00:08]} 55. Kc1 {[%emt 0:00:00]} Rg3 {[%emt 0:00:14]} 56. Kd1 {[%emt 0:00:28]} Ne3+ {[%emt 0:00:00]} 57. Kc1 {[%emt 0:00:00]} Nxc2 {[%emt 0:00:00]} 58. Kxc2 {[%emt 0:00:00]} Rg2+ {[%emt 0:00:00]} 59. Kc3 {[%emt 0:00:00]} Rb2 {[%emt 0:00:00]} 60. Rh5 {[%emt 0:00:08]} Rxa2 {[%emt 0:00:00]} 61. Kb3 {[%emt 0:00:00]} Ra1 {[%emt 0:00:00]} 62. Rg5 {[%emt 0:00:03]} Rc1 {[%emt 0:00:01]} 63. Kxa3 {[%emt 0:00:00]} Rc5 {[%emt 0:00:00]} 64. Rg4 {[%emt 0:00:00]} Kd5 {[%emt 0:00:00]} 65. Kb4 {[%emt 0:00:00]} e5 {[%emt 0:00:00]} 66. Rg6 {[%emt 0:00:00]} Rc6 {[%emt 0:00:00]} 67. Rg4 {[%emt 0:00:00]} e4 {[%emt 0:00:00]} 68. Rg1 {[%emt 0:00:15]} e3 {[%emt 0:00:00]} 69. Re1 {[%emt 0:00:00]} Ke4 {[%emt 0:00:00]} 70. Kb5 {[%emt 0:00:00]} Rc8 {[%emt 0:00:00]} 71. Kxb6 {[%emt 0:00:00]} Kf3 {[%emt 0:00:00]} 72. Rh1 {[%emt 0:00:00]} e2 {[%emt 0:00:00]} 73. Kb7 {[%emt 0:00:00]} Re8 {[%emt 0:00:00]} 74. Rh3+ {[%emt 0:00:00]} Kg2 {[%emt 0:00:00]} 0-1